000
00305nam a2200145Ia 4500
100
_a
Mani subramanian
942
_c
BK
654
_a
network management
245
_a
Network Management
260
_b
Pearson Education
_c
2000
082
_a
4.6
_b
MAN
300
_a
644
546
_a
ENGLISH
999
_c
25093
_d
25093